000 00277nam a2200121Ia 4500
008 191201s2010 xx 000 0 und d
100 _aSIKDHAR, Soumyen
245 0 _aPrinciples of Macroeconomics
260 _bOxford
_c2010
300 _a181
650 _aBBA
942 _2ddc
_cBK
999 _c7130
_d7130